<?xml version="1.0" encoding="UTF-8"?>
<record
    xmlns:xsi="http://www.w3.org/2001/XMLSchema-instance"
    xsi:schemaLocation="http://www.loc.gov/MARC21/slim http://www.loc.gov/standards/marcxml/schema/MARC21slim.xsd"
    xmlns="http://www.loc.gov/MARC21/slim">

  <leader>00934aab a2200193 i 4500</leader>
  <controlfield tag="001">768714001</controlfield>
  <controlfield tag="003">CO-MdFUSB</controlfield>
  <controlfield tag="005">20240422101707.0</controlfield>
  <controlfield tag="008">240422t1995    ag ||||| |||| 00| 0 spa d</controlfield>
  <datafield tag="040" ind1=" " ind2=" ">
    <subfield code="b">spa</subfield>
    <subfield code="c">CO-MdFUSB</subfield>
  </datafield>
  <datafield tag="041" ind1=" " ind2=" ">
    <subfield code="a">spa</subfield>
  </datafield>
  <datafield tag="100" ind1="1" ind2=" ">
    <subfield code="a">Padilla, C. Ren&#xE9;</subfield>
    <subfield code="e">autor</subfield>
  </datafield>
  <datafield tag="245" ind1=" " ind2="4">
    <subfield code="a">Los profesionales y la iglesia</subfield>
    <subfield code="c">/ C. Ren&#xE9; Padilla</subfield>
  </datafield>
  <datafield tag="300" ind1=" " ind2=" ">
    <subfield code="a"> Volumen 14, n&#xFA;mero 1 (enero - marzo, 1995), p&#xE1;gina:  1</subfield>
    <subfield code="c">; 27 cm</subfield>
  </datafield>
  <datafield tag="520" ind1=" " ind2=" ">
    <subfield code="a">Se menciona un cambio que muchas de las iglesias est&#xE1;n experimentando, y  uno notorio es de profesionales evang&#xE9;licos (m&#xE9;dicos, arquitectos, psic&#xF3;logos, maestros, ingenieros, etc).  Algunos nacen en hogares evang&#xE9;licos; otros llegaron a las iglesias a trav&#xE9;s de "conversi&#xF3;n", de familias no evang&#xE9;licas..</subfield>
  </datafield>
  <datafield tag="650" ind1=" " ind2="7">
    <subfield code="a">Cristianismo y cultura</subfield>
    <subfield code="9">6959</subfield>
  </datafield>
  <datafield tag="773" ind1="0" ind2=" ">
    <subfield code="t">Iglesia y Misi&#xF3;n</subfield>
    <subfield code="0">49402</subfield>
    <subfield code="9">59644</subfield>
    <subfield code="g">Volumen 14, n&#xFA;mero 1 (enero - marzo, 1995), p&#xE1;gina: 1</subfield>
    <subfield code="q">p&#xE1;gina: 1</subfield>
  </datafield>
  <datafield tag="942" ind1=" " ind2=" ">
    <subfield code="c">ANA</subfield>
  </datafield>
  <datafield tag="999" ind1=" " ind2=" ">
    <subfield code="c">52125</subfield>
    <subfield code="d">52125</subfield>
  </datafield>
</record>
